Counter-free automata /
Guardado en:
| Autor Principal: | |
|---|---|
| Otros Autores: | |
| Formato: | Libro |
| Idioma: | English |
| Publicado: |
Cambridge, Mass. :
M.I.T. Press,
c1971.
|
| Series: | M.I.T. research monograph ;
no. 65 |
| Etiquetas: |
Agregar Etiqueta
Sin Etiquetas, Sea el primero en etiquetar este registro!
|
| LEADER | 00656nam a22002055a 4500 | ||
|---|---|---|---|
| 001 | MAT.inmabb002320 | ||
| 008 | 711213s1971####maua#####b####001#0#eng#d | ||
| 005 | 20160608173345.0 | ||
| 245 | 1 | 0 | |a Counter-free automata / |c Robert McNaughton, Seymour Papert. |
| 260 | |a Cambridge, Mass. : |b M.I.T. Press, |c c1971. | ||
| 300 | |a xix, 163 p. : |b il. ; |c 24 cm. | ||
| 490 | 0 | |a M.I.T. research monograph ; |v no. 65 | |
| 504 | |a Bibliografía: p. 155-157. | ||
| 510 | 4 | |a MR, |c 51 #7756 | |
| 020 | |a 0262130769 | ||
| 100 | 1 | |a McNaughton, Robert. | |
| 700 | 1 | |a Papert, Seymour. | |
| 084 | |a 68Q45 (03D05) |2 msc2000 | ||
| 010 | |a 71153294 | ||
| 859 | |h 68 |i M4785 |p A-3989 |b BIB. MATEMATICA | ||
